Stati per produzione di lenticchie - Statistics

Statistiche generali
  • Questo quiz è stato fatto 11 volte
  • Il punteggio medio è 12 su 15
Statistiche sulle risposte
Continente Produzione (tonnellate) Stato % Corretto
Oceania 181 638 Australia
100%
America del Nord 3 233 800 Canada
100%
Asia 142 991 Cina
100%
Asia / Europa 65 302 Russia
100%
America del Nord 255 061 Stati Uniti
100%
Asia 1 055 536 India
89%
Asia 73 708 Iran
89%
Europa 18 093 Spagna
89%
Asia / Europa 365 000 Turchia
89%
Asia / Europa 139 724 Kazakistan
78%
Africa 166 274 Etiopia
67%
Europa 21 534 Francia
67%
Asia 158 228 Bangladesh
56%
Asia 253 041 Nepal
44%
Asia 112 193 Siria
44%
Nessun quiz corrispondente trovato
Distribuzione punteggi
Percentuale di utenti per punteggio
Percentile per numero di risposta
I tuoi punteggi nel tempo
Non hai fatto questo quiz